00600nam a22001337a 4500003000500000038001800005082000800023100002500031245024900056264003300305650002000338700005000358856005800408NUST aNusrat Nadeem a200 aGondal, Nouman Azfar aANALYSIS AND EVALUATION OF EXISTING ASPECTS OF OPERATIONS MANAGEMENT, LEADING TO AN UNDERUTILIZED DESIGN CAPACITY; AND APPLICATION OF APPROPRIATE TOOLS TO ENHANCE OPERATIONAL EFFICIENCY, PRODUCTION AND QUALITY MANAGEMENT/cNouman Azfar Gondal,  aIslamabad:bNBS NUST,c2026. a Executive MBA  aSupervisor: Dr. Yasmine Muhammad Javaid Iqbal u http://10.250.8.41:8080/xmlui/handle/123456789/57691